Представление документа в формате RUSMARC

ПолеНазваниеЗначение
  Тип записи a
  Библиографический уровень m
001 Контрольный номер RU/УОНБ/EK/615465336
005 Дата корректировки 20250113122943.2
010 Индекс ISBN __
d Цена 8 р.
9 Тираж 25000 экз.
b Уточнения в пер.
100 Данные общей обработки __
a Данные общей обработки 20190703d1951 u y0rusy0189||||ca
101 Язык документа 0_
a Язык текста rus
102 Страна публикации __
a Страна публикации RU
105 Кодированные данные (монография) __
a Кодированные данные (монография) a z 000yy
200 Заглавие и сведения об ответственности 1_
a Заглавие Люди колхозных полей
f Первые сведения об ответственности П.Н. Ангелина
210 Выходные данные 1_
a Место издания Киев
c Издательство Госполитиздат УССР
d Дата издания 1951
215 Физическое описание __
a Объем 163 с.
c Иллюстрации/тип воспроизводства ил., 8 л. ил.
d Формат 21 см
606 Тематические рубрики 0_
a Основная рубрика Колхозы
x Основная подрубрика Очерки
606 Тематические рубрики 0_
a Основная рубрика Женщина в колхозе
x Основная подрубрика Очерки
606 Тематические рубрики 0_
a Основная рубрика Трактористки
x Основная подрубрика Очерки
606 Тематические рубрики 0_
a Основная рубрика Колхозы
y Географическая подрубрика Украинская ССР
610 Ключевые слова 0_
a Ключевые слова колхозы
610 Ключевые слова 0_
a Ключевые слова женщина в колхозе
610 Ключевые слова 0_
a Ключевые слова трактористки
686 Индексы других классификаций __
a Классификационный индекс 65.321.81
2 Код системы rubbk
700 Автор _1
a Фамилия Ангелина
b Имя (инициалы) П.Н.
g Полное личное имя Прасковья Никитична
801 Источник записи _0
a Страна RU
b Организация Ульяновская ОНБ
c Дата составления 20190703
g Правила каталогизации RCR
801 Источник записи _1
a Страна RU
b Организация Ульяновская ОНБ
c Дата составления 20190703
g Правила каталогизации RCR
901 Тип документа __
t Тип документа m
909 Создатель записи __
a Создатель записи Билданова
938 Служебная информация __
a Имя БД retro
b Имя библиотеки УОНБ
c Имя АИБС МАРК-SQL
d Номер DOC_ID в БД 298221